| 000 | 00719nam a2200181 4500 | ||
|---|---|---|---|
| 008 | 170426b xxu||||| |||| 00| 0 eng d | ||
| 020 | _a0-13-292012-3 (alk. paper) | ||
| 082 |
_21990 _aDC 320.3094 _bW69 |
||
| 100 |
_920391 _aWilson, Frank Lee _d1941- |
||
| 245 |
_aEuropean politics today : _bthe democratic experience / _cFrank L. Wilson. |
||
| 260 |
_aEnglewood Cliffs, New Jersey : _bPrentice Hall, _cc1990. |
||
| 300 |
_a478 pages : _billustrations ; _c24 cm. |
||
| 500 | _aIncludes bibliographical references. | ||
| 650 | 0 |
_920392 _aComparative government |
|
| 650 | 0 |
_920393 _aEurope -- Politics and government -- 1945- |
|
| 650 | 0 |
_920394 _aEurope, Eastern -- Politics and government -- 1945- |
|
| 942 |
_2ddc _cDC |
||
| 999 |
_c6738 _d6738 |
||